| 000 -LEADER |
| fixed length control field |
01102pam a2200325 a 4500 |
| 001 - CONTROL NUMBER |
| control field |
4678975 |
| 003 - CONTROL NUMBER IDENTIFIER |
| control field |
US-DLC |
| 005 - DATE AND TIME OF LATEST TRANSACTION |
| control field |
20180103033308.0 |
| 008 - FIXED-LENGTH DATA ELEMENTS--GENERAL INFORMATION |
| fixed length control field |
810514s1981 miua b s001 0 eng |
| 010 ## - LIBRARY OF CONGRESS CONTROL NUMBER |
| LC control number |
81010382 |
| 020 ## - INTERNATIONAL STANDARD BOOK NUMBER |
| International Standard Book Number |
0472100106 : |
| Terms of availability |
$15.00 |
| 040 ## - CATALOGING SOURCE |
| Original cataloging agency |
DLC |
| Transcribing agency |
DLC |
| Modifying agency |
DLC |
| 043 ## - GEOGRAPHIC AREA CODE |
| Geographic area code |
n-us--- |
| 050 00 - LIBRARY OF CONGRESS CALL NUMBER |
| Classification number |
HC110.E5 |
| Item number |
B88 1981 |
| 082 00 - DEWEY DECIMAL CLASSIFICATION NUMBER |
| Classification number |
363.7 BAD |
| Edition number |
19 |
| 245 00 - TITLE STATEMENT |
| Title |
Bureaucracy vs. environment : |
| Remainder of title |
the environmental costs of bureaucratic governance / |
| Statement of responsibility, etc |
John Baden and Richard L. Stroup, editors. |
| 260 ## - PUBLICATION, DISTRIBUTION, ETC. (IMPRINT) |
| Place of publication, distribution, etc |
Ann Arbor : |
| Name of publisher, distributor, etc |
University of Michigan Press, |
| Date of publication, distribution, etc |
c1981. |
| 300 ## - PHYSICAL DESCRIPTION |
| Extent |
viii, 238 p. : |
| Other physical details |
ill. ; |
| Dimensions |
24 cm. |
| 500 ## - GENERAL NOTE |
| General note |
Includes index. |
| 504 ## - BIBLIOGRAPHY, ETC. NOTE |
| Bibliography, etc |
Bibliography: p. 225-227. |
| 650 #0 - SUBJECT ADDED ENTRY--TOPICAL TERM |
| Topical term or geographic name as entry element |
Environmental policy |
| Geographic subdivision |
United States. |
| 650 #0 - SUBJECT ADDED ENTRY--TOPICAL TERM |
| Topical term or geographic name as entry element |
Environmental policy |
| General subdivision |
Economic aspects |
| Geographic subdivision |
United States . |
| 650 #0 - SUBJECT ADDED ENTRY--TOPICAL TERM |
| Topical term or geographic name as entry element |
Conservation of natural resources |
| Geographic subdivision |
United States. |
| 650 #0 - SUBJECT ADDED ENTRY--TOPICAL TERM |
| Topical term or geographic name as entry element |
Bureaucracy |
| Geographic subdivision |
United States. |
| 650 #0 - SUBJECT ADDED ENTRY--TOPICAL TERM |
| Topical term or geographic name as entry element |
Self-interest. |
| 700 1# - ADDED ENTRY--PERSONAL NAME |
| Personal name |
Baden, John. |
| 700 1# - ADDED ENTRY--PERSONAL NAME |
| Personal name |
Stroup, Richard. |
| 906 ## - LOCAL DATA ELEMENT F, LDF (RLIN) |
| a |
7 |
| b |
cbc |
| c |
orignew |
| d |
1 |
| e |
ocip |
| f |
19 |
| g |
y-gencatlg |
| 942 ## - ADDED ENTRY ELEMENTS (KOHA) |
| Source of classification or shelving scheme |
|
| Koha item type |
Books |